000 02141nam a2200421 c 4500
003 BLK
005 20180422101546.0
008 180408b bul|||||r ||||||| ||bul||
010 _aKNG00055193000
020 _a954-649-812-2
_bиздат.: Сиела Софт енд Паблишинг
040 _aBLK
041 _aBUL
_cBUL
080 _aДейност на международни и междудържавни организации
_b327.7
_x:061.1ЕС
_z327.7:061.1ЕС
080 _aИкономически съюзи. Икономически общности. Икономически блокове
_b339.923
_x:061.1ЕС
_z339.923:061.1ЕС
080 _aМеждународни политически отношения. Световна политика. Международна политика. Дипломация
_b327
_x(73)
_z327(73)
100 1 _aРийд, Т. Р.
_eпърви автор
_9283721
700 1 _aМаринкева, Елисавета
_eпрев. от англ.
_9265950
700 1 _aИванов, Георги
_eпрев. от англ.
_9365594
139 _aРийд, Т. Р.
_bР 60
245 1 0 _aСъединени европейски щати
_bНовата суперсила или краят на амер. господство
_cТ. Р. Рийд; прев. от англ. Елисавета Маринкева; прев. от англ. Георги Иванов.
257 _aUSA
260 София
_bСиела Софт енд Паблишинг
_c2005
300 _a287 с.
_c21 см
380 _a3
500 _aБез сведение за ориг. загл.
650 4 _aМеждународни отношения - Европа
_9272782
650 4 _aЕвропейски съюз
_9258188
650 4 _aЕвропейска общност
_9178862
653 _aЕвропа
653 _aикономическо поведение
653 _aмеждународни икономически отношения
659 _aЕ
852 _aЦб 224566
856 4 _qpdf
_u
856 4 _qpdf
_u
942 _cKNG
_n0
944 _aCR
_c08.09.2005
_kНаталия_Медовщикова
944 _aED
_c06.02.2013
_k
999 _c51291
_d51291